Plnenie podmienok kladených na výrobcov zváraných konštrukcií

Podrobná bibliografia
Hlavný autor: Radič, Pavol (Author)
Médium: Článok
Jazyk:Slovak
Témy:
Zdroj: 1. ZváranieSvařování 1. 0044-5525 1. Roč. 51, č. 11-12(2002), s. 254-256
LEADER 00831nab#a2200325#ar4500
001 000030521
003 SVKKK
005 00000000000000.0
008 c xo e sloo
FMT
038 |a SVKKK 
040 |a SVKKK  |b slo  |e AACR2 
041 0 |a slo 
044 |a xo  |c SK 
080 |a 006.7  |2 1981 
080 |a 621.79  |2 1981 
100 1 |a Radič, Pavol  |4 aut 
245 1 0 |a Plnenie podmienok kladených na výrobcov zváraných konštrukcií  |c Radič Pavol, 
300 |b Tab., lit. 
650 0 4 |a certifikácie  |x dodržiavanie  |x štúdie 
650 0 4 |a konštrukcie zvárané 
650 0 4 |a normy 
773 0 |t ZváranieSvařování  |x 0044-5525  |g Roč. 51, č. 11-12(2002), s. 254-256 
958 |a NB 
958 |a NP 
974 |d 030207  |a Mi 
992 |a RBX 
BAS
852 |a SVKKK  |b BIB 
998 |a HUT